Statistics for Hrvatski gradovi na slovo O

Click here to take the quiz!

General Stats

  • This quiz has been taken 90 times
  • The average score is 7 of 11

Answer Stats

Answer% Correct
Osijek
87%
Ogulin
85%
Opatija
72%
Omiš
68%
Opuzen
65%
Otočac
63%
Ozalj
55%
Otok
51%
Obrovac
50%
Orahovica
37%
Oroslavje
33%

Score Distribution

Percentile by Number Answered

Percent of People with Each Score

Your Score History

You have not taken this quiz